00584nam a22001697a 450000500170000001000130001702000260003003500110005603700130006708200070008010000310008724500710011824600580018926000520024727000920029930000230039120201013123309.0 aUR-10885 c200.00a9789389733730 aU-9440 bDBAD/PUB aک aا نو ر آ فا قی  aنئ ر ا ہ - نئ ر و شنی cا نو ر آ فا قی  bNai Rah-Nai Roshni ( Afsaney) (Urdu)aby Anwar Afaqi aN.Delhi bEducational Publishing Housec2020 ء aH.O.D1/16,Ansari Road,Darya ganj,bN.Delhie110002k45678285,23216162l0091-11-23211540 a112 ص c22 Cm(Hb)